[Event "Moscow6"]
[Site "Moscow"]
[Date "1991.??.??"]
[Round "?"]
[White "Goldin, Vladimir M"]
[Black "Stripunsky, Alexander"]
[Result "1/2-1/2"]
[WhiteElo "2330"]
[BlackElo "2360"]

1.Nf3 d5 2.g3 c6 3.Bg2 Bg4 4.O-O Nd7 5.d3 e6 6.Nbd2 Bd6 7.b3 Ngf6 8.Bb2 O-O
9.c4 Re8 10.Rc1 e5 11.cxd5 cxd5 12.e4 dxe4 13.dxe4 Nb6 14.Qe2 Rc8 15.Qb5 Rxc1
16.Rxc1 Nfd7 17.Nf1 Qf6 18.Nh4 a6 19.Qa5 Qe7 20.a3 g6 21.Nf3 f6 22.Ne3 Be6
23.Nd2 Bc5 24.Nec4 Nxc4 25.Nxc4 b5 26.Nd2 Qd6 27.Bf1 Nb8 28.Nf3 Bb6 29.Qd2 Qxd2
30.Nxd2 Rd8 31.Rc2 Kf7 32.a4 Ba5 33.Bc1 Bxd2 34.Bxd2 Bxb3 35.Rc7+ Rd7  1/2-1/2

[Event "Moscow6"]
[Site "Moscow"]
[Date "1991.??.??"]
[Round "?"]
[White "Mishuchkov, Nikolai M"]
[Black "Ivanov, V."]
[Result "1/2-1/2"]
[WhiteElo "2405"]
[BlackElo "2360"]

1.Nf3 d5 2.g3 c6 3.Bg2 Bg4 4.O-O Nd7 5.d4 Ngf6 6.Bf4 e6 7.c3 Be7 8.Ne5 Bh5
9.Nd2 O-O 10.Re1 Nxe5 11.Bxe5 Nd7 12.Qb3 Nxe5 13.dxe5 Qb6 14.Qxb6 axb6 15.Nb3 Rfd8
16.e4 dxe4 17.Bxe4 Bg6 18.Kg2 Ra4 19.Bxg6 hxg6 20.a3 g5 21.h3 Rd5 22.Re2 Kh7
23.Rae1 Kg6 24.Rd2 Raa5 25.Ree2 Rxd2 26.Nxd2 Rd5 27.Nf3 b5 28.g4 Bd8  1/2-1/2

[Event "Moscow2"]
[Site "Moscow"]
[Date "1991.??.??"]
[Round "?"]
[White "Ivanov, M D."]
[Black "Marszalek, Rafal"]
[Result "1-0"]
[WhiteElo "2280"]
[BlackElo "2275"]

1.Nf3 d5 2.g3 c6 3.c4 Nf6 4.Bg2 Bf5 5.cxd5 cxd5 6.Nc3 Nc6 7.Qb3 Bc8 8.d3 e6
9.O-O Be7 10.Bf4 O-O 11.Rfc1 d4 12.Na4 Nd5 13.Bd2 h6 14.a3 Bf6 15.Rc2 a6
16.Rac1 g5 17.h3 Bg7 18.h4 g4 19.Nh2 f5 20.Bxd5 Qxd5 21.Qxd5 exd5 22.Nb6 Ra7
23.Nxd5 Be6 24.Rc5 Rf7 25.Nf4 Bb3 26.Re1 Ra8 27.Rcc1 Rd8 28.Nf1 Rfd7 29.Nh5 Rd5
30.Bf4 Kf7 31.Nd2 Rb5 32.Nxg7 Kxg7 33.Nxb3 Rxb3 34.Rc2 h5 35.Bc1 Kg6 36.Rc5 Rd7
37.Kf1 Rd8 38.Rd1 Rd7 39.Ke1 Re7 40.Rd5 Re6 41.Kd2 Rb5 42.Rxb5 axb5 43.b4 Rd6
44.Bb2 Kf7 45.Rc1 Ke6 46.e3 dxe3+ 47.fxe3 Rd8 48.Ke2 Rd6 49.e4 fxe4 50.dxe4 Ne5
51.Bxe5 Kxe5 52.Rc5+ Kxe4 53.Rxb5 Kd4 54.Rxh5 Re6+ 55.Kf2 Re3 56.Rg5 Re4
57.h5  1-0

[Event "Munich"]
[Site "Munich"]
[Date "1991.??.??"]
[Round "12"]
[White "Kindermann, Stefan"]
[Black "Gelfand, Boris"]
[Result "1/2-1/2"]
[WhiteElo "2515"]
[BlackElo "2700"]

1.g3 d5 2.Nf3 Nf6 3.Bg2 c6 4.O-O Bg4 5.d3 Nbd7 6.Nbd2 e5 7.h3 Bh5 8.e4 dxe4
9.dxe4 Bc5 10.Qe1 O-O 11.Nc4 Re8 12.a4 Qc7 13.Nh4 Bf8 14.Bg5 Bg6 15.Nxg6 hxg6
16.Qe2 Nc5 17.Bxf6 gxf6 18.h4 Bh6 19.b4 Ne6 20.c3 b5 21.axb5 cxb5 22.Ne3 Qxc3
23.Nd5 Qc4 24.Nxf6+ Kf8 25.Qxc4 bxc4 26.Nxe8 Kxe8 27.Rac1 Rc8 28.Bh3 Bxc1
29.Bxe6 fxe6 30.Rxc1 c3 31.Kg2 Kf7 32.Kf3 Rc4 33.Ke3 Kf6 34.Kd3 Rxb4 35.Rxc3 g5
36.h5 g4 37.Rc7 Rb3+ 38.Kd2 Rb2+ 39.Ke3 Rb3+ 40.Ke2 Rb4 41.h6 Rxe4+ 42.Kf1 Rb4
43.h7 Rb1+ 44.Ke2 Rh1 45.Rxa7 Kg6 46.Ke3 Kf5 47.Rg7 Kf6 48.Rxg4 Rxh7 49.Ke4 Ra7
50.Rg8 Ra4+ 51.Kf3 Kf7 52.Rb8  1/2-1/2

[Event "New York op"]
[Site "New York"]
[Date "1991.??.??"]
[Round "3"]
[White "Meyer, Eugene B"]
[Black "McKenna, Geoffrey"]
[Result "1-0"]
[WhiteElo "2470"]
[BlackElo "2245"]

1.Nf3 d5 2.g3 c6 3.Bg2 Bg4 4.O-O Nf6 5.b3 e6 6.Bb2 Nbd7 7.d3 Qc7 8.c4 Be7
9.Nbd2 h5 10.h3 Bxf3 11.Nxf3 O-O-O 12.cxd5 Nxd5 13.e4 N5f6 14.Qc2 Rhg8 15.Ng5 h4
16.Nxf7 hxg3 17.Nxd8 gxf2+ 18.Qxf2 Rxd8 19.d4 e5 20.Rac1 Kb8 21.Qf5 Bd6 22.Rcd1 Re8
23.Kh1 Rh8 24.Qg5 exd4 25.Qxg7 Rg8 26.Qh6 Bc5 27.Rxf6 Nxf6 28.Qxf6 Qg3 29.Qf3 Qg7
30.Bc1 Bd6 31.Bf4  1-0

[Event "New York op"]
[Site "New York"]
[Date "1991.??.??"]
[Round "8"]
[White "Dzindzichashvili, Roman"]
[Black "Novikov, Igor A"]
[Result "1/2-1/2"]
[WhiteElo "2555"]
[BlackElo "2545"]

1.Nf3 d5 2.g3 c6 3.Bg2 Bg4 4.O-O Nd7 5.d3 e6 6.Nbd2 Bd6 7.h3 Bh5 8.e4 Ne7
9.Re1 O-O 10.c3 Re8 11.Qc2 e5 12.Nf1 f6 13.Ne3 Bf7 14.Nh4 a5 15.Qe2 Nc5 16.Rd1 Qd7
17.Nef5  1/2-1/2

[Event "Niksic"]
[Site "Niksic"]
[Date "1991.??.??"]
[Round "8"]
[White "Strikovic, Aleksa"]
[Black "Miljanic, Boro"]
[Result "1-0"]
[WhiteElo "2495"]
[BlackElo "2390"]

1.Nf3 d5 2.g3 c5 3.Bg2 Nc6 4.O-O Nf6 5.d3 e5 6.Nbd2 Be7 7.e4 dxe4 8.dxe4 Be6
9.c3 h6 10.Qe2 Qa5 11.a4 Nd7 12.Ne1 Nb6 13.Nc2 c4 14.Re1 Rd8 15.Ne3 Qc5 16.Nf5 Bf6
17.Nf1 Na5 18.Be3 Qc6 19.h4 Nxa4 20.Nh2 Nb3 21.Rad1 Rxd1 22.Rxd1 Nbc5 23.Nd6+ Ke7
24.Nxc4 Rd8 25.Rxd8 Kxd8 26.Ng4 Nd7 27.Na5 Qa6 28.Qxa6 bxa6 29.Nxf6 Nxf6
30.Bc1 Kc7 31.c4 Nc5 32.b4 Ncxe4 33.Bb2 Nd2 34.Bxe5+ Kb6 35.Bd4+ Kc7 36.c5 Nb3
37.Be5+ Kd7 38.c6+ Kc8 39.Bf1 Nxa5 40.Bxa6+ Kd8 41.c7+  1-0

[Event "NLD-ch"]
[Site "NLD"]
[Date "1991.??.??"]
[Round "2"]
[White "Nijboer, Friso"]
[Black "Pieterse, Gert"]
[Result "1-0"]
[WhiteElo "2465"]
[BlackElo "2405"]

1.g3 d5 2.Nf3 Nf6 3.Bg2 c6 4.O-O Bg4 5.Ne5 Bh5 6.d4 e6 7.c4 Nfd7 8.Nd3 dxc4
9.Nf4 Bg6 10.Nxg6 hxg6 11.e4 Nb6 12.Be3 N8d7 13.Qe2 e5 14.Rd1 Qc7 15.Nd2 exd4
16.Bxd4 Nc5 17.Nxc4 Nxc4 18.Qxc4 Ne6 19.Be3 Be7 20.f4 Qa5 21.f5 Bc5 22.Bxc5 Qxc5+
23.Qxc5 Nxc5 24.fxg6 fxg6 25.Rd6 Rd8 26.Rxg6 Rd2 27.b4 Kf7 28.Rg5 Nd3 29.Rf1+ Kg8
30.e5 Re2 31.Rd1 Rxe5 32.Rg4 Re3 33.Re4  1-0

[Event "Oberwart op"]
[Site "Oberwart"]
[Date "1991.??.??"]
[Round "?"]
[White "Gyorkos, Lajos"]
[Black "Mira, Helene"]
[Result "1-0"]
[WhiteElo "2440"]
[BlackElo "2135"]

1.Nf3 d5 2.g3 c5 3.Bg2 Nc6 4.c4 e6 5.O-O Nf6 6.cxd5 exd5 7.d4 h6 8.Nc3 Be7
9.b3 Ne4 10.Bb2 Nxc3 11.Bxc3 Bf6 12.Rc1 cxd4 13.Nxd4 O-O 14.Nxc6 bxc6 15.Bb4 Be7
16.Bxe7 Qxe7 17.Rxc6 Bg4 18.Rc2 Rad8 19.Qd4 Qd7 20.e3 Rfe8 21.Rc5 Qf5 22.Rxd5 Rxd5
23.Bxd5 Bf3 24.Bxf3 Qxf3 25.Rc1 Re6 26.Qd1 Qf6 27.Rc8+ Kh7 28.Qd3+ g6 29.Qc3  1-0

[Event "Oberwart op"]
[Site "Oberwart"]
[Date "1991.??.??"]
[Round "?"]
[White "Fominyh, Alexander"]
[Black "Baburin, Alexander"]
[Result "1/2-1/2"]
[WhiteElo "2490"]
[BlackElo "2480"]

1.Nf3 d5 2.g3 c6 3.Bg2 Bg4 4.O-O Nd7 5.d4 e6 6.c4 Ngf6 7.Nbd2 Be7 8.b3 O-O
9.Bb2 a5 10.Re1 a4 11.Bc3 b5 12.c5 Ne8 13.b4 f5 14.Qc2 Nc7 15.e3 g5 16.Ne5  1/2-1/2

[Event "Oberwart op"]
[Site "Oberwart"]
[Date "1991.??.??"]
[Round "?"]
[White "Vukic, Milan"]
[Black "Lazarev, Vladimir"]
[Result "1-0"]
[WhiteElo "2500"]
[BlackElo "2440"]

1.Nf3 d5 2.g3 c6 3.Bg2 Bg4 4.b3 e6 5.Bb2 Nf6 6.O-O Nbd7 7.c4 Bd6 8.d4 O-O
9.Nbd2 Qe7 10.a3 e5 11.cxd5 cxd5 12.dxe5 Nxe5 13.h3 Bh5 14.Nd4 Nd3 15.Qb1 Nxb2
16.Qxb2 Bg6 17.e3 h5 18.N2f3 Be4 19.Rfc1 Rac8 20.b4 g6 21.Rc3 Nd7 22.Nb5 Rxc3
23.Qxc3 Bb8 24.Nd2 Bxg2 25.Kxg2 Nf6 26.Rd1 Ne4 27.Qd3 h4 28.g4 Qe5 29.f4 Qb2
30.Qxd5 Nc3 31.Nxc3 Qxc3 32.Qb3 Qc6+ 33.Nf3 Re8 34.Kf2 a5 35.bxa5 Ba7 36.Ne5 Qf6
37.Ke2 Rxe5 38.fxe5 Qxe5 39.Rd7 Qh2+ 40.Kd3 Qf2 41.Rxb7 Qxe3+ 42.Kc2 Qe4+
43.Kc1 Qh1+ 44.Kd2 Qg2+ 45.Kc1 Qh1+ 46.Kb2 Bd4+ 47.Kc2 Qe4+ 48.Kd1 Qf4 49.Qd3 Bc5
50.a6 Qf2 51.Kc1 Qe1+ 52.Kc2 Qf2+ 53.Kb3 Qf6 54.Qc4 Qf3+ 55.Ka2 Qf2+ 56.Rb2 Qe3
57.Rb8+ Kg7 58.Qb3 Qf4 59.Rb7 Bd4 60.Qd3 Qf6 61.Rb4 Ba7 62.Kb3 Qe6+ 63.Qc4 Qd6
64.Rb7 Qd1+ 65.Ka2 Qd2+ 66.Rb2 Qe3 67.Qb3 Qf4 68.Qd3 Qf6 69.Re2 Qf4 70.Re4 Qg3
71.Qf1 Bc5 72.Ra4 Qe3 73.Qb5 Ba7 74.Qb3 Qg3 75.Rc4 Qd6 76.Qc3+ Kh7 77.Rc7 Qd5+
78.Qb3 Qg2+ 79.Rc2 Qe4 80.Qc4 Qf3 81.g5 Kg8 82.Qc8+ Kh7 83.Qg4 Qa8 84.Qxh4+ Kg8
85.Qc4 Qf3 86.h4  1-0

[Event "Oostende op"]
[Site "Oostende"]
[Date "1991.??.??"]
[Round "5"]
[White "Piket, Jeroen"]
[Black "Sadler, Matthew"]
[Result "1/2-1/2"]
[WhiteElo "2590"]
[BlackElo "2480"]

1.Nf3 d5 2.g3 c6 3.Bg2 Bg4 4.b3 Nd7 5.Bb2 Ngf6 6.O-O e6 7.d3 Bd6 8.Nbd2 O-O
9.Qe1 a5 10.a4 Ne8 11.h3 Bh5 12.e4 Nc7 13.e5 Bb4 14.Qe3 Re8 15.Nh4 Be7 16.Bf3 Bxf3
17.Ndxf3 Ra6 18.Ng2 b5 19.h4 Qb8 20.h5 c5 21.h6 g6 22.Bc1 bxa4 23.Rxa4 c4
24.d4 cxb3 25.cxb3 Nb6 26.Ra1 Nb5 27.Qd3 Nd7 28.Bg5 Bf8 29.Rfc1 Qb7 30.Ne3 Rea8
31.Ng4 Rb6 32.Bd2 Na3 33.Rc3 Nb5 34.Rcc1 Na3  1/2-1/2

[Event "Ostrava"]
[Site "Ostrava"]
[Date "1991.??.??"]
[Round "7"]
[White "Gazik, Igor"]
[Black "Plachetka, Jan"]
[Result "0-1"]
[WhiteElo "2455"]
[BlackElo "2470"]

1.Nf3 d5 2.g3 Nf6 3.Bg2 c6 4.b3 Bg4 5.Bb2 Nbd7 6.c4 e6 7.O-O Bd6 8.d3 O-O
9.Nbd2 Qe7 10.h3 Bxf3 11.Nxf3 Ba3 12.Qc1 Bxb2 13.Qxb2 a5 14.a3 e5 15.e3 e4
16.dxe4 dxe4 17.Nd2 Nc5 18.Qc2 Rfd8 19.Rfd1 h5 20.Rab1 Re8 21.b4 axb4 22.axb4 Na6
23.c5 Nc7 24.Nc4 Nb5 25.Nd6 Nxd6 26.cxd6 Qe5 27.Rd4 Rad8 28.Qc5 Rd7 29.Rc1 g6
30.Rcc4 Qe6 31.Rc1 Red8 32.Rcd1 Kg7 33.R1d2 Ra8 34.Rd1 Ra2 35.R4d2 Qb3 36.Qd4 Ra4
37.Rb2 Qd5 38.Qxd5 cxd5 39.Bf1 Rxd6 40.Bb5 Ra3 41.Kf1 Nh7 42.h4 Nf6 43.Be2 Rc6
44.Rbb1 Kf8 45.Ra1 Rxa1 46.Rxa1 Rb6 47.b5 Ke7 48.Ra8 Ne8 49.Rc8 Kd7 50.Ra8 Nc7
51.Rf8 Ke6 52.g4 hxg4 53.Bxg4+ Ke7 54.Rc8 Nxb5 55.h5 gxh5 56.Bxh5 Nd6 57.Rg8 Rb2
58.Bg4 f5 59.Bh5 b5 60.Rb8 b4 61.Rb6 Kd7 62.Ra6 b3 63.Be2 Rb1+ 64.Kg2 Re1  0-1

[Event "URS-ch Club Pavlodar"]
[Site "Pavlodar"]
[Date "1991.??.??"]
[Round "?"]
[White "Magomedov, Magaram"]
[Black "Erikalov, A."]
[Result "1-0"]
[WhiteElo "2470"]
[BlackElo "2275"]

1.Nf3 d5 2.g3 Nf6 3.Bg2 c6 4.O-O Bf5 5.d3 h6 6.b3 e6 7.Bb2 Be7 8.Nbd2 O-O
9.Ne5 Bh7 10.e4 a5 11.a4 Na6 12.Qe2 Qb6 13.Ng4  1-0

[Event "Podgorica"]
[Site "Podgorica"]
[Date "1991.??.??"]
[Round "9"]
[White "Popchev, Milko"]
[Black "Dabetic, Radojica"]
[Result "0-1"]
[WhiteElo "2450"]
[BlackElo "2335"]

1.Nf3 d5 2.g3 Nf6 3.Bg2 e6 4.O-O Be7 5.d3 c5 6.Nbd2 Nc6 7.e4 dxe4 8.dxe4 O-O
9.e5 Nd5 10.Ne4 Qc7 11.c4 Ndb4 12.Qe2 Rd8 13.Bg5 Bxg5 14.Nexg5 h6 15.Nh3 Ne7
16.Nf4 Bd7 17.h4 Bc6 18.a3 Bxf3 19.Qxf3 Nbc6 20.Rfe1 Rd7 21.Bh3 Nxe5 22.Qe4 N7c6
23.b3 Rd4 24.Qe3 Qd6 25.Bg2 Rd8 26.Rab1 Ng4 27.Qf3 Nf6 28.Qe3 b6 29.Bf3 Ne7
30.Qc1 Nf5 31.Ng2 Rd2 32.Rb2 Qd4 33.Rxd2 Qxd2 34.Nf4 Nd4 35.Bg2 Qxc1 36.Rxc1 g5
37.hxg5 hxg5  0-1

[Event "POL-ch (Women)"]
[Site "POL"]
[Date "1991.??.??"]
[Round "2"]
[White "Gasik, Jadwiga"]
[Black "Bukowska, Katarzyna"]
[Result "0-1"]
[WhiteElo "2020"]
[BlackElo "2100"]

1.Nf3 d5 2.g3 Nf6 3.Bg2 e6 4.O-O Be7 5.d3 O-O 6.Nbd2 b6 7.c4 Bb7 8.Ne5 Nbd7
9.Ndf3 Bd6 10.Nxd7 Qxd7 11.Bg5 Qe7 12.Rc1 h6 13.Be3 c5 14.d4 dxc4 15.Rxc4 Rfd8
16.Qc2 Be4 17.Qa4 Qb7 18.Qd1 b5 19.Rc1 cxd4 20.Bd2 Rac8 21.Ba5 Rxc1 22.Qxc1 Rc8
23.Qd2 Rc2 24.Qxd4 Bc5 25.Qd8+ Kh7 26.Bc3 Rxe2 27.Bxf6 Bxf3 28.Qd3+ Be4 29.Bxe4+ Qxe4
30.Qxe4+ Rxe4 31.Bc3 Re2 32.a3 Rc2 33.Be5 f6 34.Bc3 Bxa3 35.Bxf6 Bc5 36.Be5 Re2  0-1

[Event "POL-ch (Women)"]
[Site "POL"]
[Date "1991.??.??"]
[Round "12"]
[White "Pilarska, Czeslawa"]
[Black "Tust, Dominika"]
[Result "1/2-1/2"]
[WhiteElo "2145"]
[BlackElo "2095"]

1.Nf3 d5 2.g3 g6 3.Bg2 Bg7 4.d3 e6 5.O-O Ne7 6.Nbd2 c5 7.e4 O-O 8.c3 Nbc6
9.Re1 b6 10.Qe2 Ba6 11.e5 Rc8 12.Nf1 h6 13.h4 b5 14.N1h2 Nf5 15.a4 b4 16.Bf4 bxc3
17.bxc3 d4 18.c4 Nb4 19.Ng4 Bb7 20.Qd2 Kh7 21.a5 Ba8 22.Qe2 Qe7 23.Reb1 Rfd8
24.Ngh2 Qc7 25.Nf1 Ne7 26.N1d2 Bxf3 27.Nxf3 Nec6 28.a6 Rb8 29.Nh2 Bxe5 30.Bc1 Bg7
31.Be4 f5 32.Bg2 e5 33.Bh3 Re8 34.h5 e4 35.hxg6+ Kxg6 36.Bf4 Be5 37.dxe4 Bxf4
38.Bxf5+ Kg7 39.Qg4+ Kh8 40.gxf4 Rg8 41.Bg6 Rbf8 42.f5 Ne5 43.Qh5 Qg7 44.Kf1 Nxg6
45.Qxg6 Qxg6 46.fxg6 Rxg6 47.Ra5 Rg5 48.Rb2 Nd3 49.Rd2 Nb4  1/2-1/2

[Event "POL-ch (Women)"]
[Site "POL"]
[Date "1991.??.??"]
[Round "12"]
[White "Gasik, Jadwiga"]
[Black "Henc, Renata"]
[Result "0-1"]
[WhiteElo "2020"]
[BlackElo "2105"]

1.Nf3 d5 2.g3 c5 3.Bg2 Nc6 4.O-O e6 5.d3 Nf6 6.Nbd2 Be7 7.b3 O-O 8.Bb2 Qc7
9.e3 b6 10.c4 Bb7 11.cxd5 Nxd5 12.Ne4 Rfd8 13.Qe2 Ndb4 14.Rfd1 Ba6 15.Ne1 Rac8
16.a3 Nd5 17.Qg4 e5 18.h4 Nf6 19.Nxf6+ Bxf6 20.Be4 g6 21.f4 Qd7 22.f5 Ne7
23.h5 Nxf5 24.Qf3 Bg7 25.Rd2 Nd6 26.hxg6 hxg6 27.Bd5 Bb7 28.Bxb7 Qxb7 29.e4 Nxe4
30.Re2 Nd6 31.Qg4 Qd5 32.Nf3 Re8  0-1

[Event "Rubinstein mem"]
[Site "Polanica Zdroj"]
[Date "1991.??.??"]
[Round "9"]
[White "Smejkal, Jan"]
[Black "Kuczynski, Robert"]
[Result "1/2-1/2"]
[WhiteElo "2555"]
[BlackElo "2480"]

1.Nf3 d5 2.g3 c6 3.Bg2 Bg4 4.O-O Nd7 5.d3 Ngf6 6.Qe1 e5 7.e4 dxe4 8.dxe4 Bc5
9.Nbd2 O-O 10.h3 Bh5 11.Nb3 Bb6 12.a4 a5 13.Be3 Bxe3 14.Qxe3 Bxf3 15.Bxf3 Qc7
16.Rfd1 Rfd8 17.Rd2 b6 18.Rad1 Nf8 19.Be2 Rxd2 20.Rxd2 Rd8 21.Rxd8 Qxd8 22.Nd2 Qc7
23.b3 c5 24.Kg2 g6 25.Bc4 Kg7 26.Qd3 Qc6 27.Bb5 Qc7 28.Bc4 Qc6 29.f3 Qc7
30.Nf1 Qe7 31.Ne3 Ne6 32.Bxe6 Qxe6 33.Qd8 h5 34.h4 Qc6 35.Nd5 Nxd5 36.exd5 Qf6
37.Qxf6+ Kxf6 38.g4 Ke7 39.c4 f5 40.Kf2 Kd6 41.Ke3 Ke7  1/2-1/2

[Event "Prague Viktoria-B"]
[Site "Prague"]
[Date "1991.??.??"]
[Round "1"]
[White "Freisler, Pavel"]
[Black "Brdicko, Petr"]
[Result "1-0"]
[WhiteElo "2325"]
[BlackElo "2280"]

1.Nf3 d5 2.g3 c5 3.Bg2 Nc6 4.O-O Nf6 5.d4 cxd4 6.Nxd4 e5 7.Nxc6 bxc6 8.c4 Be7
9.Nc3 Be6 10.Qa4 O-O 11.Rd1 d4 12.Bxc6 Rc8 13.b3 dxc3 14.Rxd8 Rfxd8 15.Be3 c2
16.Kg2 Ng4 17.Rc1 Nxe3+ 18.fxe3 Bf5 19.e4 Bg6 20.Rxc2 Rd4 21.Kf3 f5 22.Bd5+ Kh8
23.Qd7 fxe4+ 24.Kg2 Re8 25.e3 Rd1 26.Rf2 Bc5 27.h4 h6 28.Qc6 Bh5 29.Qxc5 Bf3+
30.Rxf3 exf3+ 31.Kxf3 e4+ 32.Bxe4 Rf1+ 33.Ke2 Ref8 34.Bd5  1-0

[Event "Ptuj"]
[Site "Ptuj"]
[Date "1991.??.??"]
[Round "2"]
[White "Dizdarevic, Emir"]
[Black "Jelen, Igor"]
[Result "1-0"]
[WhiteElo "2505"]
[BlackElo "2340"]

1.Nf3 d5 2.g3 c5 3.Bg2 Nf6 4.O-O e6 5.c4 Nc6 6.d4 Be7 7.dxc5 Bxc5 8.a3 a5
9.cxd5 exd5 10.Bg5 O-O 11.Nc3 Be6 12.Rc1 Ba7 13.Ne1 Bd4 14.Nd3 h6 15.Bxf6 Qxf6
16.Nf4 Rad8 17.Qb3 Ne7 18.e3 Be5 19.Ncxd5 Nxd5 20.Nxd5 Bxd5 21.Bxd5 Bxb2
22.Rc5 a4 23.Qxa4 Ra8 24.Ra5 Rxa5 25.Qxa5 Qa6 26.Qxa6 bxa6 27.a4 Rd8 28.Rb1 Rb8
29.Rd1 Bf6 30.Rc1 Bd8 31.Rc6 Rb6 32.Rc8 Rd6 33.Bc4 a5 34.Ra8 h5 35.Ra7 Rf6
36.Kg2 g6 37.Rb7 Kf8 38.f4 Be7 39.Bd5 Rd6 40.e4 f5 41.Kf3 fxe4+ 42.Kxe4 Bf6
43.Rf7+ Ke8 44.Ra7 Bc3 45.Rc7 Be1 46.Ke5 Rb6 47.Be6 Bb4 48.Kf6  1-0

[Event "JUG-Cup final"]
[Site "Pula"]
[Date "1991.??.??"]
[Round "2"]
[White "Sulava, Nenad"]
[Black "Jelen, Iztok"]
[Result "1/2-1/2"]
[WhiteElo "2405"]
[BlackElo "2420"]

1.Nf3 d5 2.g3 b6 3.Bg2 Bb7 4.O-O e6 5.d3 Nf6 6.Nbd2 Nbd7 7.e4 dxe4 8.Ng5 Nc5
9.b4 e3 10.Ndf3 Ncd7 11.Bxe3 Qc8 12.a3  1/2-1/2

[Event "JUG-Cup final"]
[Site "Pula"]
[Date "1991.??.??"]
[Round "5"]
[White "Dizdarevic, Emir"]
[Black "Palac, Mladen"]
[Result "1/2-1/2"]
[WhiteElo "2505"]
[BlackElo "2475"]

1.Nf3 d5 2.g3 Bg4 3.Bg2 Nd7 4.c4 e6 5.Qa4 c6 6.cxd5 Bxf3 7.Bxf3 cxd5 8.e4 dxe4
9.Bxe4 Qb6 10.O-O Nf6 11.d3 Bc5 12.Nd2 O-O 13.Nc4 Qc7 14.Bf3 Rab8 15.Bf4 e5
16.Bd2 Bd4 17.Rac1 b5 18.Qa5 Qxa5 19.Nxa5 Bxb2 20.Rb1 Ba3 21.Nc6 Rb6 22.Nxa7 Rfb8
23.Nc6 Rc8 24.Nb4 Rd6 25.Rb3 e4 26.Be2 Ra8 27.Bf4 Re6 28.dxe4 Nc5 29.Rbb1 Ncxe4
30.Bf3 Bxb4 31.Rxb4 Rxa2 32.Rxb5 h6  1/2-1/2

[Event "Reggio Emilia91 Top15"]
[Site "Reggio Emilia"]
[Date "1991.??.??"]
[Round "?"]
[White "Vaganian, Rafael A"]
[Black "Ljubojevic, Ljubomir"]
[Result "1/2-1/2"]
[WhiteElo "2585"]
[BlackElo "2590"]

1.Nf3 d5 2.g3 c5 3.Bg2 Nc6 4.d4 Nf6 5.O-O Bg4 6.dxc5 e6 7.Be3 Ne4 8.c4 Bxc5
9.Bxc5 Nxc5 10.cxd5 exd5 11.Nc3 d4 12.Nb5 Ne6 13.Qa4 O-O 14.Rfd1 Bxf3 15.Bxf3 a6
16.Na3 Ne5 17.Bxb7 Rb8 18.Bg2 Rxb2 19.Nc4 Rxe2 20.Nxe5 Rxe5 21.Qxa6 Ra5 22.Qc4 Qc8
23.Bd5 Rc5 24.Bxe6  1/2-1/2

[Event "Rimavska Sobota"]
[Site "Rimavska Sobota"]
[Date "1991.??.??"]
[Round "11"]
[White "Poley, Vladimir"]
[Black "Lputian, Smbat G"]
[Result "1/2-1/2"]
[WhiteElo "2445"]
[BlackElo "2565"]

1.Nf3 d5 2.g3 c6 3.Bg2 Nf6 4.O-O Bg4 5.Ne5 Bh5 6.c4 Nbd7 7.Nxd7 Qxd7 8.cxd5 cxd5
9.d4 e6 10.Nc3 Bb4 11.Bg5 O-O 12.Rc1 Rfc8 13.Bxf6 gxf6 14.Qd2 Kg7 15.f4 f5
16.Bf3 Bg6 17.Rc2 Bxc3 18.Rxc3 Rxc3 19.bxc3 Rc8 20.Rb1 b6 21.e3 f6 22.Be2 Be8
23.Ba6 Rc7 24.Rb4 Qc6 25.Bb5 Qa8 26.Ba6 Bh5 27.Kf2 Qc6 28.Rb3 Be8 29.Bb5 Qa8
30.Ba6 Ba4 31.Rb4 Qe8 32.Qd3 Bc6 33.Ke1 Qh5 34.Qe2 Qe8 35.Kd2 Kh8  1/2-1/2

[Event "San Sebastian op"]
[Site "San Sebastian"]
[Date "1991.??.??"]
[Round "9"]
[White "Todorcevic, Miodrag"]
[Black "Hector, Jonny"]
[Result "0-1"]
[WhiteElo "2480"]
[BlackElo "2465"]

1.Nf3 d5 2.g3 c6 3.Bg2 Bg4 4.b3 Nd7 5.Bb2 f6 6.c4 e6 7.O-O Bd6 8.cxd5 exd5
9.Nd4 Ne5 10.f4 Nd3 11.Qc2 Nxb2 12.Qxb2 Ne7 13.e3 Qd7 14.Nc3 Bh3 15.Bxh3 Qxh3
16.d3 O-O 17.Nd1 Qd7 18.Nf2 Rfe8 19.Rfe1 Bc5 20.Rac1 Bb6 21.Nf3 Rad8 22.g4 Ng6
23.d4 Re7 24.f5 Nh8 25.Nd3 Rde8 26.Qf2 Re4 27.h3 Qe7 28.Nf4 Ba5 29.Rf1 Rxe3
30.Ne6 Rxe6 31.fxe6 Ng6 32.Ne1 Qxe6 33.Nc2 Qd6 34.b4 Bc7 35.Rfe1 Re4 36.Rxe4 dxe4
37.Re1 Nf4 38.Re3 Qe6 39.a3 Nxh3+ 40.Rxh3 Qxg4+ 41.Qg2 Qd1+ 42.Qf1 Qxc2 43.Qf5 Qc1+
44.Kg2 Qd2+ 45.Kh1 Qxd4 46.Qxh7+ Kf7 47.Qf5 Qd5  0-1

[Event "Santa Clara"]
[Site "Santa Clara"]
[Date "1991.??.??"]
[Round "5"]
[White "Nogueiras, Jesus"]
[Black "Antunes, Antonio"]
[Result "1/2-1/2"]
[WhiteElo "2535"]
[BlackElo "2460"]

1.Nf3 d5 2.g3 Nf6 3.Bg2 Bg4 4.c4 c6 5.Ne5 Be6 6.cxd5 Bxd5 7.Nf3 g6 8.O-O Bg7
9.d3 O-O 10.Nc3 Re8 11.e4 Be6 12.Ng5 Bc8 13.Qb3 e6 14.Rd1 h6 15.Nf3 e5 16.d4 exd4
17.Nxd4 Qe7 18.Bf4 Na6 19.Qc4 Ng4 20.h3 Ne5 21.Qe2 Be6 22.Nxe6 Qxe6 23.Be3 Qc4
24.Bf1 Qe6 25.f4 Nd7 26.e5 Nb6 27.Rd6 Qe7 28.Rad1 Rad8 29.Rxd8 Rxd8 30.Rxd8+ Qxd8
31.Qd3 Qe7 32.Ne4 Bf8 33.h4 Qe6 34.Qb3 Qxb3 35.axb3 Nc7 36.Bh3 Ne6 37.h5 Nd5
38.Bxa7 gxh5 39.f5 Nec7 40.Bf2 f6 41.e6 Bb4 42.Bf1 Ne8 43.Be2 Ng7 44.Bc4 Be7
45.Bxd5 cxd5 46.Nc3 Nxf5 47.Nxd5 Kf8 48.Kg2 Ng7 49.Bd4 Nxe6 50.Bxf6 Bd6 51.Bc3 Kf7
52.Ne3 Kg6 53.Nc4 Bc7 54.b4 Kf5 55.b5 b6 56.Bd2 Ke4 57.Bxh6 Kd5 58.b3 Kc5
59.Be3+  1/2-1/2

[Event "Sao Paulo op"]
[Site "Sao Paulo"]
[Date "1991.??.??"]
[Round "4"]
[White "Braga, Cicero"]
[Black "Sisniega, Marcel"]
[Result "1/2-1/2"]
[WhiteElo "2370"]
[BlackElo "2530"]

1.g3 d5 2.Nf3 c6 3.Bg2 Bg4 4.d3 Nd7 5.O-O e6 6.Nbd2 Bd6 7.e4 Ne7 8.h3 Bh5
9.b3 O-O 10.Bb2 a5 11.a3 f6 12.c4 Nc5 13.Qc2 Rc8 14.d4 Nd7 15.Rae1 Bf7 16.h4 f5
17.exd5 exd5 18.c5 Bc7 19.Bh3 g6 20.Ne5 Nxe5 21.dxe5 Be6 22.Nf3 Qd7 23.Bc1 f4
24.Bg2 fxg3 25.fxg3 Nf5 26.Bf4 b6 27.b4 axb4 28.axb4 bxc5 29.Qxc5 Bd8 30.Kh2 Be7
31.Qc3 h6 32.Qd2 Kh7 33.Nd4 Nxd4 34.Qxd4 Rf7 35.Bd2 Rcf8 36.Rxf7+ Rxf7 37.Rf1 Bf8
38.Rxf7+ Qxf7 39.Qb6 Qd7 40.Qd4 Bg7 41.Bc3 Bf5 42.b5 cxb5 43.Qxd5 Qxd5 44.Bxd5 Bf8
45.Kg2 b4 46.Bb2  1/2-1/2

[Event "Sao Paulo op"]
[Site "Sao Paulo"]
[Date "1991.??.??"]
[Round "10"]
[White "Levy, Rene"]
[Black "Trois, Francisco RT"]
[Result "1/2-1/2"]
[WhiteElo "2235"]
[BlackElo "2375"]

1.Nf3 d5 2.g3 c5 3.Bg2 Nc6 4.d4 e6 5.O-O Nf6 6.c4 cxd4 7.Nxd4 Bc5 8.Nb3 Bb6
9.cxd5 Nxd5 10.Na3 O-O 11.Nc4 Bc7 12.a3 a5 13.Bd2 a4 14.Nc5 b6 15.Nd3 Bb7
16.Ne3 Nd4 17.Nxd5 Bxd5 18.Bxd5 Qxd5 19.Bc3 Nb3 20.Nb4 Qe4 21.Rb1 Rfd8 22.Qe1 b5
23.Rd1 Bb6 24.Rd3 Rxd3 25.exd3 Qxe1 26.Rxe1 Rc8 27.Re5 Rc5 28.Kg2 Rxe5 29.Bxe5 f6
30.Bc3 Kf7 31.f4 h5 32.h3 Ke7 33.Kf3 Kd6 34.Nc2 Nc1 35.Nb4 Bc5 36.g4 hxg4+
37.hxg4 Nb3 38.Nc2 Ke7 39.Ke4 g6 40.Kf3 f5 41.gxf5 gxf5 42.Be5 Kd7 43.d4 Bb6
44.Ke2 Ba5 45.Ne3 Kc6 46.Kd3 Nc1+ 47.Kc2 Ne2 48.Kd3 Nc1+ 49.Kc2 Ne2 50.Kd3 Ng3
51.Nd1 Kd5 52.Ne3+ Kc6 53.Nd1 Be1 54.Bb8 Nh5 55.Be5 Bg3 56.Ke3 Kd5 57.Kf3 Bh4
58.Ne3+ Kc6 59.d5+ Kd7 60.Nc2 exd5 61.Nd4 Bf6 62.Bxf6 Nxf6 63.Nxb5 Ne4 64.Nc3 Nxc3
65.bxc3 Kc6 66.Ke3 Kc5 67.Kd3 Kc6 68.Kd4 Kd6 69.c4 dxc4 70.Kxc4 Kc6 71.Kd4 Kd6
72.Kc4 Kc6  1/2-1/2

[Event "Schellenberg op"]
[Site "Schellenberg"]
[Date "1991.??.??"]
[Round "1"]
[White "Daly, Colm"]
[Black "Pfeiffer, Herbert"]
[Result "0-1"]
[WhiteElo "2220"]
[BlackElo "2290"]

1.g3 d5 2.Nf3 Nf6 3.Bg2 c5 4.O-O e6 5.c4 Be7 6.d4 cxd4 7.cxd5 exd5 8.Nxd4 O-O
9.Nc3 Nc6 10.Be3 Be6 11.Nb3 Qd7 12.Nc5 Bxc5 13.Bxc5 Rfd8 14.Bd4 Nxd4 15.Qxd4 Bh3
16.Rfd1 Bxg2 17.Kxg2 Qe6 18.Rd3 h6 19.Rad1 a6 20.Re3 Qc6 21.Re5 Qc4 22.e3 Rac8
23.Rf5 b5 24.Qf4 b4 25.Rd4 Qc6 26.Nd1 a5 27.h4 Re8 28.g4 Re4 29.Rxe4 dxe4
30.g5 hxg5 31.hxg5 Nh5 32.Qg4 g6 33.Rxa5 Rd8 34.Re5 Qc1 35.Qxe4 Rxd1 36.Re8+ Kh7
37.Kf3 Rd2 38.Kg2 Qxb2 39.Qf3 Qxa2 40.e4 Qc4 41.Re7 Kg7 42.Rb7 Rd4 43.Re7 Rd3
44.Qg4 b3 45.Rb7 Qc2 46.Re7 b2 47.e5 b1=Q 48.Rxf7+ Kxf7 49.e6+ Ke7  0-1

[Event "Schellenberg op"]
[Site "Schellenberg"]
[Date "1991.??.??"]
[Round "2"]
[White "Espig, Lutz"]
[Black "Sokolova, Marina"]
[Result "1-0"]
[WhiteElo "2440"]
[BlackElo "2150"]

1.Nf3 d5 2.g3 Nf6 3.Bg2 c6 4.b3 Bf5 5.Bb2 Nbd7 6.O-O e6 7.d3 Bc5 8.Nbd2 O-O
9.Qe1 Qc7 10.e4 dxe4 11.dxe4 Bg6 12.Nh4 Bh5 13.Kh1 e5 14.Nc4 b5 15.Ne3 Qb6
16.Nhf5 a5 17.a3 Rfe8 18.f3 Bf8 19.Rd1 Qc7 20.Rf2 Red8 21.Rfd2 Ne8 22.Rd3 Ndf6
23.Bxe5 Qxe5 24.Rxd8 Rxd8 25.Rxd8 Bxa3 26.Qxa5 Bc5 27.f4 Qb2 28.Qe1 Kf8 29.e5 Nd5
30.Nxd5 cxd5 31.Nd6 f5 32.Nxe8 Bxe8 33.Qd1 Qc3 34.Rxd5 Bb6 35.Rxb5 Bxb5 36.Qd6+ Ke8
37.Qxb6 Bd7 38.Qf2 g5 39.fxg5 Qa1+ 40.Qf1 Qxe5 41.Bf3 Kf7 42.Kg2 Kg6 43.Qd3 Be6
44.h4 Kg7 45.b4 Qb2 46.b5 Qb4 47.Qe3 Bf7 48.b6 Bc4 49.b7 Qb2 50.Qf2 Qb5 51.Qd4+  1-0